[Event "Championnat de France - Open B"]
[Site "VAL D ISERE"]
[Date "????.??.??"]
[Round "5.3"]
[White "Forest, Eric"]
[Black "Marchand, Raphael"]
[Result "0-1"]
[WhiteElo "1700"]
[BlackElo "1870"]
[PlyCount "112"]

1. e4 e5 2. Nf3 Nc6 3. Bc4 Nf6 4. d3 Bc5 5. O-O d6 6. h3 Be6 7. Nbd2 h6 8. c3
Qd7 9. Bxe6 Qxe6 10. Qb3 O-O-O 11. Nh4 Rdg8 12. Qxe6+ fxe6 13. Ng6 Rh7 14. Nf3
Rd8 15. b4 Bb6 16. a4 a5 17. b5 Nb8 18. Be3 Nbd7 19. Bxb6 Nxb6 20. Rfe1 h5 21.
Ng5 Rh6 22. Nh4 Re8 23. Nf7 Rh7 24. Ng5 Rhh8 25. Ng6 Rhg8 26. f4 exf4 27. Nxf4
e5 28. Ng6 Kd7 29. Nf3 Nh7 30. Nfh4 Re6 31. Rf1 Nf6 32. c4 Ke8 33. Nf3 Nxe4 34.
Ngh4 Ng3 35. Ng5 Rf6 36. Rf3 Ne2+ 37. Kf2 Nd4 38. Ne4 Nxf3 39. Nxf6+ gxf6 40.
Kxf3 Ke7 41. Ra2 Ke6 42. Ke4 Rg5 43. Nf3 f5+ 44. Ke3 Rg3 45. Kf2 Rg7 46. h4 Rg4
47. Ng5+ Kf6 48. g3 Nd7 49. Ra3 b6 50. Nh7+ Ke7 51. Ng5 Nc5 52. Nf3 Ne6 53. Rc3
Kf6 54. Nh2 Rg7 55. Kf3 Nd4+ 56. Kf2 Rxg3 0-1

[Event "Championnat de France - Open B"]
[Site "VAL D ISERE"]
[Date "????.??.??"]
[Round "5.4"]
[White "Portales, Fabien"]
[Black "Blot, David"]
[Result "0-1"]
[WhiteElo "1880"]
[BlackElo "1960"]
[PlyCount "98"]

1. d4 Nf6 2. Nf3 g6 3. Nbd2 Bg7 4. e4 d6 5. c3 O-O 6. Be2 Nbd7 7. h3 e5 8. O-O
Re8 9. Qc2 Nh5 10. Nc4 Nf4 11. Bxf4 exf4 12. Bd3 b6 13. Rfe1 Bb7 14. Rad1 d5
15. Ncd2 dxe4 16. Nxe4 Nf6 17. Nfd2 Nd5 18. Nf3 f5 19. Ned2 Qf6 20. a3 Kh8 21.
Nc4 a6 22. Rxe8+ Rxe8 23. Re1 Rxe1+ 24. Nxe1 Ne7 25. Ne5 Qe6 26. N1f3 Bxe5 27.
Nxe5 Qd5 28. f3 b5 29. b4 Kg7 30. Qd2 Qb3 31. Qxf4 Qxc3 32. Bf1 Nd5 33. Qh4
Qe3+ 34. Kh2 Qxa3 35. g4 Qb2+ 36. Bg2 Qxd4 37. Qe1 Qf4+ 38. Kh1 Qe3 39. Qa1 Nc3
40. f4 Bxg2+ 41. Kxg2 Qe2+ 42. Kg1 Qe3+ 43. Kg2 Qe4+ 44. Kg3 Qxb4 45. gxf5 gxf5
46. Nc6 Qc5 47. Qxa6 Ne4+ 48. Kh4 Qf2+ 49. Kh5 Qf3+ 0-1

[Event "Championnat de France - Open B"]
[Site "VAL D ISERE"]
[Date "????.??.??"]
[Round "5.5"]
[White "Bassard, Edouard"]
[Black "Bessat, Remy"]
[Result "1-0"]
[WhiteElo "1882"]
[BlackElo "1958"]
[PlyCount "70"]

1. e4 c5 2. Nf3 a6 3. c3 d5 4. e5 Nc6 5. d4 e6 6. Bd3 cxd4 7. cxd4 Nb4 8. O-O
Nxd3 9. Qxd3 Bd7 10. Nc3 b5 11. a3 g6 12. Bg5 Be7 13. Bxe7 Nxe7 14. Rac1 O-O
15. Qd2 Kg7 16. Ne2 a5 17. Ng5 Nf5 18. Rc3 h6 19. Nf3 Rc8 20. Rfc1 Rxc3 21.
Rxc3 Ne7 22. h3 Ng8 23. Qc2 Qb8 24. b4 axb4 25. axb4 Rc8 26. Rc5 Qa8 27. Kh2
Qa6 28. Nc3 Rb8 29. Rc7 Be8 30. Nd2 Qa1 31. Nb3 Qf1 32. Nc5 Kf8 33. Qd2 g5 34.
h4 Rb6 35. hxg5 hxg5 1-0

[Event "Championnat de France - Open B"]
[Site "VAL D ISERE"]
[Date "????.??.??"]
[Round "5.6"]
[White "Delaruelle, Christian"]
[Black "Vandewiele, Benoit"]
[Result "1-0"]
[WhiteElo "1950"]
[BlackElo "1850"]
[PlyCount "47"]

1. e4 c5 2. Nf3 e6 3. c3 d5 4. exd5 Qxd5 5. d4 Nf6 6. Be2 Nc6 7. O-O cxd4 8.
cxd4 Be7 9. Nc3 Qd6 10. Bg5 h6 11. Bh4 O-O 12. Bg3 Qb4 13. Qc2 Rd8 14. Rfd1 Rd7
15. a3 Qb6 16. Na4 Qd8 17. Nc5 Nxd4 18. Nxd7 Nxc2 19. Nxf6+ Bxf6 20. Rxd8+ Bxd8
21. Rc1 Nxa3 22. bxa3 Be7 23. a4 f6 24. Nd4 1-0

[Event "Championnat de France - Open B"]
[Site "VAL D ISERE"]
[Date "????.??.??"]
[Round "5.7"]
[White "Tisserand, Jean-Pierre"]
[Black "Cougoulic, Guillaume"]
[Result "1/2-1/2"]
[WhiteElo "1850"]
[BlackElo "1900"]
[PlyCount "57"]

1. d4 e6 2. c4 d5 3. Nf3 Nf6 4. g3 Be7 5. Bg2 O-O 6. Qc2 b6 7. O-O Bb7 8. b3
Nbd7 9. Nc3 c5 10. cxd5 exd5 11. dxc5 bxc5 12. e3 Rc8 13. Bb2 Qb6 14. Qd1 Rfd8
15. Na4 Qc7 16. Rc1 Ne4 17. Qe2 Qc6 18. Rfd1 Ba6 19. Qe1 Bf6 20. Bxf6 Ndxf6 21.
Rc2 Qd6 22. Nc3 Nxc3 23. Rxc3 Re8 24. Rcc1 d4 25. Qa5 d3 26. Ne1 Red8 27. Nxd3
Bxd3 28. Bf1 c4 29. bxc4 1/2-1/2

[Event "Championnat de France - Open B"]
[Site "VAL D ISERE"]
[Date "????.??.??"]
[Round "5.8"]
[White "Wagner, Bruno"]
[Black "Giraud, Sylvain"]
[Result "0-1"]
[WhiteElo "1959"]
[BlackElo "1850"]
[PlyCount "75"]

1. d4 Nf6 2. Nc3 d5 3. e4 e6 4. Bd3 dxe4 5. Nxe4 Nbd7 6. Nf3 Nxe4 7. Bxe4 Nf6
8. Bg5 Be7 9. Bd3 O-O 10. Qe2 c5 11. dxc5 Qa5+ 12. c3 Qxc5 13. O-O Bd7 14. Bxf6
Bxf6 15. Bxh7+ Kxh7 16. Qd3+ Kg8 17. Qxd7 Rfd8 18. Qa4 b5 19. Qe4 a5 20. Rfd1
b4 21. cxb4 axb4 22. Rdc1 Qa5 23. Rab1 Qxa2 24. Ne5 Qd5 25. Qxd5 Rxd5 26. Nc4
Ra2 27. Kf1 b3 28. Ke2 Kf8 29. Ra1 Bxb2 30. Rxa2 Bxc1 31. Ra8+ Ke7 32. Rb8 Rd4
33. Na5 Rd2+ 34. Ke1 b2 35. Rb7+ Kf6 36. Nc4 Rc2 37. Nd6 Bd2+ 38. Ke2 0-1

[Event "Championnat de France - Open B"]
[Site "VAL D ISERE"]
[Date "????.??.??"]
[Round "7.1"]
[White "Prodhomme, Boris"]
[Black "Marchand, Raphael"]
[Result "1-0"]
[WhiteElo "1870"]
[BlackElo "1870"]
[PlyCount "69"]

1. d4 Nf6 2. c4 d6 3. Nf3 g6 4. Nc3 Bg7 5. e4 O-O 6. Be2 e5 7. O-O c6 8. Qc2
Qc7 9. Rd1 Nbd7 10. h3 exd4 11. Nxd4 Re8 12. Be3 Nc5 13. Bf3 a5 14. b3 Nfd7 15.
Rab1 Ne5 16. Be2 Be6 17. Qd2 Rad8 18. f4 Bc8 19. a3 Ned7 20. Bf3 Nb6 21. Qf2
Ncd7 {#} 22. Ndb5 Qb8 23. Bxb6 Nxb6 24. Qxb6 d5 25. Nc7 Bxc3 26. Nxe8 Qxf4 27.
Qxd8 Qe3+ 28. Kh1 Bxh3 29. Qh4 Bc8 30. cxd5 cxd5 31. Rxd5 Be6 32. Rd8 Kf8 33.
Nc7+ Kg7 34. Nxe6+ fxe6 35. Rd7+ 1-0

[Event "Championnat de France - Open B"]
[Site "VAL D ISERE"]
[Date "????.??.??"]
[Round "7.2"]
[White "Przymusinski, Nicolas"]
[Black "Bassard, Edouard"]
[Result "0-1"]
[WhiteElo "1948"]
[BlackElo "1882"]
[PlyCount "102"]

1. d4 d5 2. Nf3 Nf6 3. e3 Bf5 4. c4 c6 5. Nc3 e6 6. Qb3 Qb6 7. Bd2 Na6 8. Qxb6
axb6 9. a3 Nb4 10. Rc1 Nd3+ 11. Bxd3 Bxd3 12. cxd5 exd5 13. Ne5 Bf5 14. O-O Bd6
15. f4 Ne4 16. Be1 f6 17. Nf3 Kd7 18. h3 Nxc3 19. Rxc3 Rhe8 20. Kf2 c5 21. Bd2
c4 22. g4 Bd3 23. Rg1 b5 24. Rcc1 h6 25. h4 Be4 26. g5 b4 27. axb4 Ra2 28. Bc3
Bxb4 29. Ra1 Rea8 30. Rxa2 Rxa2 31. gxf6 gxf6 32. Rg7+ Ke6 33. Bxb4 Rxb2+ 34.
Nd2 Rxb4 35. Nxe4 dxe4 36. Rh7 Rb2+ 37. Ke1 Rb3 38. Kd2 Rd3+ 39. Ke2 b5 40.
Rxh6 c3 41. f5+ Kd5 42. Rh8 Kc4 43. Rc8+ Kb3 44. h5 Rd2+ 45. Ke1 Rh2 46. d5 c2
47. d6 Rxh5 48. d7 {#} 48... Rh8 49. Kd2 Rh2+ 50. Ke1 Rh1+ 51. Ke2 Rd1 0-1

[Event "Championnat de France - Open B"]
[Site "VAL D ISERE"]
[Date "????.??.??"]
[Round "7.4"]
[White "Aubry, Fabien"]
[Black "Scharr, Jules"]
[Result "0-1"]
[WhiteElo "1914"]
[BlackElo "1860"]
[PlyCount "40"]

1. d4 e6 2. Nf3 f5 3. c4 Nf6 4. g3 Be7 5. Bg2 O-O 6. d5 Qe8 7. O-O Bd8 8. Nc3
e5 9. b4 d6 10. Bb2 Qh5 11. Nd2 f4 12. e3 Bg4 13. Bf3 e4 14. Ncxe4 Bxf3 15.
Nxf6+ Bxf6 16. Nxf3 Bxb2 17. Rb1 fxg3 18. fxg3 Be5 19. Kg2 Nd7 20. Qb3 b6 {#}
0-1

[Event "Championnat de France - Open B"]
[Site "VAL D ISERE"]
[Date "????.??.??"]
[Round "7.5"]
[White "Stojanovic, Vojislav"]
[Black "Baudon, Sebastien"]
[Result "*"]
[WhiteElo "1833"]
[BlackElo "1910"]
[PlyCount "72"]

1. e4 c5 2. Nf3 d6 3. d4 cxd4 4. Nxd4 Nf6 5. Nc3 g6 6. Be2 Bg7 7. O-O O-O 8.
Kh1 b6 9. Bg5 Bb7 10. f3 Nbd7 11. Qd2 Rc8 12. Bh6 Ne5 13. Bxg7 Kxg7 14. Rad1
Nc4 15. Qc1 a6 16. e5 Nxe5 17. f4 Ned7 18. f5 Ne5 19. Qg5 Ne4 20. Qh4 Nxc3 21.
bxc3 Rxc3 22. Rf4 Rc5 23. Rdf1 Kg8 24. Bd3 Nxd3 25. fxg6 hxg6 26. Nf5 Nxf4 27.
Rxf4 e6 28. Ne7+ Kg7 29. Qf6+ Kh7 30. Kg1 Rh5 31. h4 Rf5 32. Rxf5 exf5 33. h5
Qe8 34. h6 Rg8 35. g4 fxg4 36. Nxg8 Qe1+ *

[Event "Championnat de France - Open B"]
[Site "VAL D ISERE"]
[Date "????.??.??"]
[Round "7.6"]
[White "Bornhauser, Eric"]
[Black "Giraud, Sylvain"]
[Result "0-1"]
[WhiteElo "1910"]
[BlackElo "1850"]
[PlyCount "111"]

1. e4 c6 2. Nc3 d5 3. d4 dxe4 4. Nxe4 Bf5 5. Ng3 Bg6 6. Nf3 e6 7. h4 h6 8. Ne5
Ne7 9. Nxg6 Nxg6 10. h5 Ne7 11. c3 Nd7 12. Qb3 Qc7 13. Rh4 Nd5 14. Ne4 Be7 15.
Rh3 O-O-O 16. Bd2 N7f6 17. Nxf6 Bxf6 18. O-O-O Nf4 19. Rh1 Rd5 20. g3 Nxh5 21.
Bc4 Ra5 22. Be2 g6 23. Rh3 Ng7 24. Rxh6 Rxh6 25. Bxh6 Bg5+ 26. Bxg5 Rxg5 27.
Rh1 Qd8 28. Rh7 Qg8 29. Rh2 Nf5 30. Qd1 Nd6 31. Qh1 Qg7 32. Rh8+ Kc7 33. Qh7
Qxh7 34. Rxh7 Rf5 35. f4 Kd7 36. Bd3 Rf6 37. Kd2 Nf5 38. g4 Ne7 39. f5 gxf5 40.
gxf5 Nxf5 41. Rh8 Rh6 42. Ra8 Rh2+ 43. Kc1 Nd6 44. Rxa7 f5 45. c4 Kc7 46. Ra5
Rh4 47. c5 Nf7 48. Ra4 Ng5 49. Kd2 f4 50. Rb4 Rh2+ 51. Ke1 f3 52. Rb3 f2+ 53.
Kf1 Nf3 54. Ke2 Nxd4+ 55. Kf1 Nxb3 56. axb3 0-1

[Event "Championnat de France - Open B"]
[Site "VAL D ISERE"]
[Date "????.??.??"]
[Round "7.7"]
[White "Cartigny, Patrick"]
[Black "Benifei, Patrick"]
[Result "1/2-1/2"]
[WhiteElo "1996"]
[BlackElo "1907"]
[PlyCount "109"]

1. e4 c5 2. c3 d5 3. exd5 Qxd5 {(=)} 4. d4 cxd4 5. cxd4 Nc6 6. Nf3 Bg4 7. Be2
e6 8. Nc3 Bb4 9. O-O Bxc3 10. bxc3 Nf6 11. c4 Qd7 12. Be3 O-O 13. h3 Bxf3 14.
Bxf3 Rfd8 15. Rb1 Rac8 16. d5 exd5 {(=)} 17. cxd5 Ne7 18. Bxa7 Nexd5 19. Bd4 b5
20. Bxf6 gxf6 21. Bxd5 Qxd5 22. Qxd5 Rxd5 23. Rb2 Kf8 24. Re1 Rcc5 25. Re4 Rc4
26. Re3 Rd1+ 27. Kh2 b4 28. Rf3 Rd6 29. Kg3 Rc3 30. Rxb4 Rc2 31. Ra4 Kg7 32. a3
Ra2 33. Ra5 Re6 34. Ra7 Kg6 35. Ra5 h5 36. Ra4 Re1 37. Raf4 Re6 38. Ra4 Ree2
39. h4 f5 40. Ra5 f6 41. Raxf5 Re6 42. R5f4 Ra6 43. a4 R2xa4 44. Rxa4 Rxa4 45.
Rf4 Ra3+ 46. f3 Kg7 47. Rb4 Kg6 48. Kh2 Kf5 49. Rc4 Kg6 50. f4 Kf5 51. Rc5+ Kg4
52. Rc4 Kxh4 53. Rc6 f5 {(=)} 54. Rg6 Rh3+ 55. gxh3 1/2-1/2

[Event "Championnat de France - Open B"]
[Site "VAL D ISERE"]
[Date "????.??.??"]
[Round "7.8"]
[White "Curto, Nicolas"]
[Black "Corde, Philippe"]
[Result "1/2-1/2"]
[WhiteElo "1981"]
[BlackElo "1900"]
[PlyCount "71"]

1. d4 d5 2. c4 c6 3. Nf3 Nf6 4. Qc2 e6 5. cxd5 exd5 6. Nc3 Be7 7. Bg5 Be6 8. e3
Nbd7 9. Bd3 h6 10. Bh4 a6 11. h3 Nh5 12. Bxe7 Qxe7 13. O-O-O Qd6 14. Kb1 Ke7
15. g4 Nhf6 16. Nh4 g5 17. Ng2 c5 18. dxc5 Nxc5 19. Bf5 Rac8 20. Bxe6 Qxe6 21.
Qe2 Nce4 22. Rd3 Nxc3+ 23. bxc3 Rc5 24. f3 Rhc8 25. Qd2 Qc6 26. Rc1 b5 27. e4
dxe4 28. fxe4 Nxe4 29. Re1 Re5 30. Rxe4 Rxe4 31. Ne3 Qe6 32. h4 Rc5 33. hxg5
hxg5 34. Kb2 b4 35. cxb4 Qe5+ 36. Ka3 1/2-1/2

[Event "Championnat de France - Open B"]
[Site "VAL D ISERE"]
[Date "????.??.??"]
[Round "7.9"]
[White "Desormeaux, Henri"]
[Black "Medghoul, Abdel"]
[Result "1-0"]
[WhiteElo "1900"]
[BlackElo "1980"]
[PlyCount "75"]

1. d4 d5 2. c4 e6 3. Nc3 Nf6 4. cxd5 exd5 5. Bf4 c6 6. Nf3 Bf5 7. Qb3 Qb6 8.
Qxb6 axb6 9. h3 Bb4 10. Bd2 Nbd7 11. Nh4 Bc2 12. f3 Bd6 13. Bg5 h6 14. Bxf6
Nxf6 15. Kd2 Bh7 16. g4 g5 17. Nf5 Bxf5 18. gxf5 Nh5 19. e4 Bf4+ 20. Kc2 dxe4
21. fxe4 O-O-O 22. Bc4 Rxd4 23. Bxf7 Ng3 24. Rhe1 b5 25. e5 b4 26. Rad1 Rhd8
27. Rxd4 Rxd4 28. Na4 Kd8 29. f6 Ne4 30. Bg6 b5 31. Rxe4 Rxe4 32. Bxe4 Bxe5 33.
Nc5 Bxf6 34. Bxc6 Kc7 35. Bxb5 Bxb2 36. Kxb2 Kb6 37. Be2 Kxc5 38. Kb3 1-0

[Event "Championnat de France - Open B"]
[Site "VAL D ISERE"]
[Date "????.??.??"]
[Round "8.1"]
[White "Bassard, Edouard"]
[Black "Prodhomme, Boris"]
[Result "0-1"]
[WhiteElo "1882"]
[BlackElo "1870"]
[PlyCount "110"]

1. e4 c5 2. Nf3 d6 3. Bb5+ Nc6 4. O-O Bd7 5. Re1 Nf6 6. Bxc6 Bxc6 7. e5 dxe5 8.
Nxe5 Qd5 9. Nxc6 Qxc6 10. d3 e6 11. Nc3 O-O-O 12. Bg5 Rd4 13. Ne4 Nxe4 14. Rxe4
Rxe4 15. dxe4 f6 16. Be3 Qxe4 17. Qd2 Qc6 18. Qa5 a6 19. Rd1 Be7 20. Rd3 Qc7
21. Qa4 Rd8 22. Qg4 Rxd3 23. cxd3 Qd7 24. Qxg7 Qxd3 25. Qg8+ Kd7 26. g3 Qg6 27.
Qh8 Qb1+ 28. Kg2 Qxb2 29. Qxh7 Qxa2 30. Kf1 Qd5 31. h4 c4 32. h5 Qd3+ 33. Qxd3+
cxd3 34. h6 Bf8 35. Ke1 Ke7 36. Kd2 Kf7 37. Kxd3 Kg6 38. h7 Kxh7 39. Bb6 Kg6
40. Ke4 Bd6 41. g4 Kg5 42. f3 Bf4 43. Kd3 Bc1 44. Ke4 Bb2 45. Be3+ Kh4 46. Bb6
Bc3 47. Kd3 Bb4 48. Kc4 Bd6 49. Kd4 Kg5 50. Ke4 Bb4 51. Bc7 b5 52. Kd4 a5 53.
Kd3 a4 54. Kc2 Be7 55. Kb2 e5 0-1

[Event "Championnat de France - Open B"]
[Site "VAL D ISERE"]
[Date "????.??.??"]
[Round "8.2"]
[White "Baudon, Sebastien"]
[Black "Scharr, Jules"]
[Result "1-0"]
[WhiteElo "1910"]
[BlackElo "1860"]
[PlyCount "37"]

1. c4 f5 2. Nc3 Nf6 3. g3 e6 4. Bg2 Be7 5. Nf3 O-O 6. O-O d6 7. d4 Ne4 8. Qc2
Nxc3 9. bxc3 Nc6 10. Rd1 Qe8 11. Rb1 e5 12. Ba3 e4 13. Nd2 Na5 14. Rb4 b6 15.
Nxe4 Bd7 16. Nxd6 Bxd6 17. Bxa8 Bxb4 18. Bd5+ Kh8 19. cxb4 {#} 1-0

[Event "Championnat de France - Open B"]
[Site "VAL D ISERE"]
[Date "????.??.??"]
[Round "8.3"]
[White "Giraud, Sylvain"]
[Black "Marchand, Raphael"]
[Result "1-0"]
[WhiteElo "1850"]
[BlackElo "1870"]
[PlyCount "89"]

1. e4 e5 2. Nf3 Nc6 3. Bb5 a6 4. Ba4 Nf6 5. O-O b5 6. Bb3 Bc5 7. Qe2 d6 8. c3
Bb6 9. a4 b4 10. Bxf7+ Kxf7 11. Qc4+ Ke7 12. Qxc6 {#} 12... Rb8 $6 ({
Meilleur est} 12... Bg4 $14 13. cxb4 Bxf3 14. gxf3 Qd7 15. Qxd7+ Kxd7 16. d3 {
et l'avantage des Blancs est minime.}) 13. Qc4 Be6 14. Qe2 Qe8 15. h3 Qh5 16.
d4 Rhf8 17. a5 Ba7 18. Nbd2 Rb5 19. c4 Rbb8 20. c5 exd4 21. cxd6+ cxd6 22. Qxa6
Bc5 23. Qd3 Bxh3 24. gxh3 Qxh3 25. Ne5 Qc8 26. Nec4 Nh5 27. Kh2 Nf4 28. Qg3 Qe6
29. Nf3 Ne2 30. Qh4+ Kd7 31. Ncd2 Rf6 32. Qh3 Rh6 33. Nh4 d5 34. Qxe6+ Kxe6 35.
exd5+ Kxd5 36. Ndf3 Rh5 37. Bd2 Re8 38. a6 Kc6 39. Kg2 Ba7 40. Ra4 Rhe5 41.
Rxb4 Ra5 42. Rc4+ Rc5 43. Rxc5+ Kxc5 44. Nf5 Kb5 45. Nd6+ 1-0

[Event "Championnat de France - Open B"]
[Site "VAL D ISERE"]
[Date "????.??.??"]
[Round "8.4"]
[White "Blot, David"]
[Black "Cougoulic, Guillaume"]
[Result "1-0"]
[WhiteElo "1960"]
[BlackElo "1900"]
[PlyCount "55"]

1. e4 e6 2. d4 d5 3. Nc3 Nf6 4. e5 Nfd7 5. Nce2 c5 6. c3 Nc6 7. f4 Qb6 8. Nf3
cxd4 9. cxd4 Be7 10. g3 O-O 11. Bh3 Na5 12. O-O f6 13. Kh1 fxe5 14. fxe5 Nb8
15. Nf4 Bd7 16. b3 Na6 17. Nxd5 Qd8 18. Nxe7+ Qxe7 19. Bg5 Qe8 20. d5 Qh5 21.
Bxe6+ Bxe6 22. dxe6 Nc6 23. e7 Rfe8 24. Qd5+ Kh8 25. Qd6 h6 26. Bh4 g5 27. g4
Qf7 28. Nxg5 1-0

[Event "Championnat de France - Open B"]
[Site "VAL D ISERE"]
[Date "????.??.??"]
[Round "8.5"]
[White "Guillet, Julien"]
[Black "Delaruelle, Christian"]
[Result "1/2-1/2"]
[WhiteElo "1780"]
[BlackElo "1950"]
[PlyCount "51"]

1. e4 e5 2. Nf3 Nc6 3. d4 exd4 4. Bc4 Nf6 5. O-O Nxe4 6. Re1 d5 7. Bxd5 Qxd5 8.
Nc3 Qa5 9. Nxe4 Be6 10. Neg5 O-O-O 11. Nxe6 fxe6 12. Rxe6 Bd6 13. Bg5 Rdf8 14.
Qe2 h6 15. Bh4 Qh5 16. Bg3 Bxg3 17. hxg3 Qd5 18. Nh4 Nd8 19. Re5 Qd6 20. Re1 g5
21. Nf5 Qb6 22. Qg4 Kb8 23. Qxd4 Qa6 24. Qg4 Nc6 25. R5e2 Qxa2 26. Nxh6 1/2-1/2

[Event "Championnat de France - Open B"]
[Site "VAL D ISERE"]
[Date "????.??.??"]
[Round "8.6"]
[White "Marie, Laurent"]
[Black "Desormeaux, Henri"]
[Result "0-1"]
[WhiteElo "1944"]
[BlackElo "1900"]
[PlyCount "64"]

1. e4 e6 2. d3 g6 3. g3 Bg7 4. Bg2 Ne7 5. c3 c5 6. f4 d6 7. Nf3 Nbc6 8. O-O O-O
9. Be3 b6 10. Bf2 Ba6 11. Re1 Qc7 12. Qd2 Rfd8 13. Na3 b5 14. Rac1 Qa5 15. d4
Rac8 16. g4 cxd4 17. Nxd4 e5 18. Nxc6 Nxc6 19. f5 Qc7 20. Bh4 Rd7 21. f6 Bf8
22. Bg5 Qd8 23. Qf2 b4 24. cxb4 Nxb4 25. Qh4 Rxc1 26. Bxc1 Nd3 27. Rd1 Qb6+ 28.
Kh1 Nf2+ 29. Kg1 Nxd1+ 30. Kh1 Nf2+ 31. Kg1 Nh3+ 32. Kh1 Qg1# 0-1

[Event "Championnat de France - Open B"]
[Site "VAL D ISERE"]
[Date "????.??.??"]
[Round "8.8"]
[White "Benifei, Patrick"]
[Black "Curto, Nicolas"]
[Result "1/2-1/2"]
[WhiteElo "1907"]
[BlackElo "1981"]
[PlyCount "95"]

1. e4 c5 2. Nf3 d6 3. d4 cxd4 4. Nxd4 Nf6 5. Bd3 e6 6. O-O Be7 7. f4 a6 8. Kh1
Nbd7 9. Nc3 Qc7 10. f5 e5 11. Nf3 b5 12. a3 Bb7 13. Bg5 O-O 14. Qe1 Nc5 15. Rd1
Bc6 16. Bxf6 Bxf6 17. g4 Rfe8 18. g5 Be7 19. f6 Bf8 20. Nh4 g6 21. Rf3 Ne6 22.
Qg3 Nd4 23. Re3 Rab8 24. Rf1 b4 25. axb4 Qb6 26. Nd1 d5 27. c3 dxe4 28. Bxe4
Qb7 29. Bxc6 Nxc6 30. Ng2 Rbd8 31. Rd3 Qb5 32. Ne1 e4 33. c4 Qxc4 34. Ne3 Qxb4
35. Rxd8 Rxd8 36. Qc7 Qd2 37. N1g2 Qd6 38. Qb7 Qc5 39. Qxa6 Rd3 40. Qc8 Ne5 41.
Qxc5 Bxc5 42. Rc1 Bf8 43. Rc8 Nd7 44. b4 h6 45. h4 Kh7 46. b5 Bc5 47. Rc7 hxg5
48. hxg5 1/2-1/2

[Event "Championnat de France - Open B"]
[Site "VAL D ISERE"]
[Date "????.??.??"]
[Round "8.9"]
[White "Bessat, Remy"]
[Black "Bornhauser, Eric"]
[Result "1/2-1/2"]
[WhiteElo "1958"]
[BlackElo "1910"]
[PlyCount "61"]

1. e4 c5 2. Nf3 d6 3. c3 Nf6 4. Be2 g6 5. O-O Bg7 6. e5 dxe5 7. Nxe5 O-O 8. a4
Qc7 9. Nc4 Nc6 10. Nba3 a6 11. d3 Nd5 12. Qb3 e5 13. Bf3 Be6 14. Bxd5 Bxd5 15.
Qb6 Qxb6 16. Nxb6 Rad8 17. Bg5 f6 18. Be3 Bb3 19. Bxc5 Rfe8 20. Nac4 Bf8 21.
Bxf8 Kxf8 22. f4 Kg7 23. fxe5 fxe5 24. Rf3 Bc2 25. b4 Bxd3 26. b5 e4 27. Rxd3
exd3 28. bxc6 d2 29. Nxd2 Rxd2 30. c7 Ree2 31. c8=Q 1/2-1/2

[Event "Championnat de France - Open B"]
[Site "VAL D ISERE"]
[Date "????.??.??"]
[Round "8.10"]
[White "Tissot, Alice"]
[Black "Przymusinski, Nicolas"]
[Result "1-0"]
[WhiteElo "1860"]
[BlackElo "1948"]
[PlyCount "65"]

1. e4 c5 2. Nf3 Nc6 3. c3 Nf6 4. Bd3 d5 5. e5 Ng8 6. h3 e6 7. Bc2 Bd7 8. d4 Qb6
9. Ng5 g6 10. Qf3 Nd8 11. a4 cxd4 12. O-O Ne7 13. Qf6 Rg8 14. Nxh7 Bg7 15. Qf4
Rc8 16. Nf6+ Bxf6 17. exf6 Nf5 18. a5 Qd6 19. Bxf5 Qxf4 20. Bxf4 gxf5 21. cxd4
Rc2 22. b4 Rc4 23. a6 Rxb4 24. axb7 Rxb7 25. Nc3 Nc6 26. Rab1 Rxb1 27. Rxb1 Bc8
28. Nb5 Kd7 29. Rc1 Rg6 {#} 30. Nxa7 Nxa7 31. Rc7+ Ke8 32. Re7+ Kd8 33. Bc7#
1-0

[Event "Championnat de France - Open B"]
[Site "VAL D ISERE"]
[Date "????.??.??"]
[Round "9.1"]
[White "Prodhomme, Boris"]
[Black "Baudon, Sebastien"]
[Result "1-0"]
[WhiteElo "1870"]
[BlackElo "1910"]
[PlyCount "94"]

1. d4 Nf6 2. c4 e6 3. Nc3 Bb4 4. Nf3 b6 5. Bg5 Bb7 6. e3 h6 7. Bh4 O-O 8. Nd2
c5 9. Qb3 Nc6 10. dxc5 Bxc5 11. Rd1 Be7 12. Qc2 d6 13. Be2 Rc8 14. O-O Ne5 15.
b3 d5 16. Bg3 Ng6 17. Qb2 Bd6 18. Bf3 Bxg3 19. hxg3 Qc7 20. Nb5 Qb8 21. Qa3 a6
22. Nd6 Rcd8 23. Nxb7 Qxb7 24. cxd5 exd5 25. Be2 b5 26. Nf3 Ne4 27. Rc1 Rd6 28.
Nd4 b4 29. Qa5 Nc3 30. Bf3 Qb6 31. Qxb6 Rxb6 32. Rc2 Ne5 33. Rfc1 Nxf3+ 34.
gxf3 Rc8 35. Kf1 Rf6 36. Ne2 Rxf3 37. Nxc3 Rxc3 38. Rxc3 bxc3 39. Rxc3 Rf6 40.
Rc8+ Kh7 41. Rd8 h5 42. Rxd5 Kh6 {(=)} 43. e4 Kg6 44. Ke2 Re6 45. Kd3 f6 46. f4
Rc6 47. Kd2 Re6 1-0

[Event "Championnat de France - Open B"]
[Site "VAL D ISERE"]
[Date "????.??.??"]
[Round "9.2"]
[White "Giraud, Sylvain"]
[Black "Blot, David"]
[Result "1-0"]
[WhiteElo "1850"]
[BlackElo "1960"]
[PlyCount "63"]

1. e4 d6 2. d4 Nf6 3. Nc3 g6 4. Be2 Bg7 5. Be3 c6 6. h3 Qa5 7. Qd2 e5 8. dxe5
dxe5 9. O-O-O O-O 10. Bg5 Be6 11. Bxf6 Bxf6 12. Kb1 Rd8 13. Qe3 Rxd1+ 14. Bxd1
b5 15. b3 Na6 16. Bg4 Bxg4 17. hxg4 Rd8 18. Nf3 b4 19. Na4 c5 20. g5 Bg7 21.
Nb2 Qc7 22. Nh2 Qe7 23. Ng4 Nb8 24. Nf6+ Bxf6 25. gxf6 Qxf6 26. Qxc5 Nc6 27.
Nd3 Re8 28. f3 a5 29. Nb2 Qe6 30. Rd1 Nd4 31. Qxa5 Qc6 32. Nc4 1-0

[Event "Championnat de France - Open B"]
[Site "VAL D ISERE"]
[Date "????.??.??"]
[Round "9.3"]
[White "Desormeaux, Henri"]
[Black "Bassard, Edouard"]
[Result "0-1"]
[WhiteElo "1900"]
[BlackElo "1882"]
[PlyCount "140"]

1. d4 d5 2. c4 c6 3. cxd5 cxd5 4. Bf4 Qb6 5. Nc3 Nf6 6. Qd2 Nc6 7. e3 Bf5 8.
Bb5 e6 9. f3 Bb4 10. Nge2 O-O 11. O-O Qxb5 12. e4 Bxc3 13. Nxc3 Qb6 14. exf5
Qxd4+ 15. Qxd4 Nxd4 16. fxe6 fxe6 17. Rad1 Nc6 18. Rfe1 Rfe8 19. Nb5 e5 20. Bg5
Rad8 21. Bxf6 gxf6 22. Nc7 Re7 23. Nxd5 Re6 24. Nc3 Red6 25. Rxd6 Rxd6 26. Ne4
Re6 27. Kf2 Nb4 28. Rd1 f5 29. Rd8+ Kg7 30. Rd7+ Kg6 31. Nc3 Rb6 32. a3 Nc2 33.
Na4 Rb3 34. Rd6+ Kg5 35. Rd2 Nd4 36. Nc5 Rb5 37. b4 a5 38. Nd3 axb4 39. axb4
Nc6 40. Re2 Kf6 41. Rb2 Ke6 42. Ke3 Kd5 43. g4 f4+ 44. Kd2 Kc4 45. Rc2+ Kd5 46.
Kc3 Nd4 47. Rf2 Rb6 48. Kb2 Rh6 49. Nc5 b6 50. Nd3 Rh3 51. Ne1 Kc4 52. Kb1 Kxb4
53. Nd3+ Kc3 54. Nxe5 b5 55. Kc1 b4 56. Kb1 b3 57. Kc1 Rh6 58. Rd2 b2+ 59. Rxb2
Re6 60. Rb8 Rxe5 61. Rc8+ Kd3 62. Rf8 Ke3 63. Rf7 Kxf3 64. Rxh7 Kxg4 65. h3+
Kg3 66. h4 f3 67. h5 f2 68. Rg7+ Kh4 69. Rf7 Re1+ 70. Kd2 f1=Q 0-1

[Event "Championnat de France - Open B"]
[Site "VAL D ISERE"]
[Date "????.??.??"]
[Round "9.4"]
[White "Cartigny, Patrick"]
[Black "Vandewiele, Benoit"]
[Result "1-0"]
[WhiteElo "1996"]
[BlackElo "1850"]
[PlyCount "115"]

1. e4 c5 2. c3 d5 3. exd5 Qxd5 4. d4 Nf6 5. Nf3 e6 6. Be2 cxd4 7. Qxd4 Qxd4 8.
Nxd4 Bd7 9. Nd2 Nc6 10. N2f3 a6 11. O-O Be7 12. h3 O-O 13. Bf4 Nd5 14. Bg3 f6
15. Bc4 Rac8 16. Bb3 Na5 17. Bxd5 exd5 18. Rfe1 Rfe8 19. Ne6 Ba3 20. Nc7 Bxb2
21. Rxe8+ Rxe8 22. Rb1 Bxc3 23. Nxe8 Bxe8 24. Bc7 b5 25. Rc1 Bb4 26. Bxa5 Bxa5
27. Rc8 Kf7 28. Ra8 Bc3 29. Rxa6 Ke7 30. Ra7+ Bd7 31. Kf1 b4 32. Ke2 Kd6 33.
Kd1 d4 34. Nd2 f5 35. Kc2 Be6 36. f3 Kc5 37. Nb3+ Kb6 38. Re7 Bc4 39. Nc1 Bf1
40. Nd3 Bxg2 41. Rxg7 Bxf3 42. Rxh7 Bd5 43. Rh6+ Kb5 44. Rh5 Be4 45. Rh8 Ka4
46. Rh7 f4 47. Re7 Bf5 48. h4 f3 49. Rf7 Be4 50. h5 Be1 51. Kd1 Bh4 52. Nc5+
Ka3 53. Ra7+ Kb2 54. Nxe4 f2 55. Ke2 d3+ 56. Kf1 Kc1 57. Rd7 Kc2 58. h6 1-0

[Event "Championnat de France - Open B"]
[Site "VAL D ISERE"]
[Date "????.??.??"]
[Round "9.5"]
[White "Delaruelle, Christian"]
[Black "Tissot, Alice"]
[Result "1/2-1/2"]
[WhiteElo "1950"]
[BlackElo "1860"]
[PlyCount "90"]

1. e4 c5 2. Nf3 Nc6 3. c3 d6 4. Be2 Nf6 5. d4 cxd4 6. cxd4 Nxe4 7. d5 Qa5+ 8.
Nc3 Nxc3 9. bxc3 Ne5 10. Nxe5 Qxc3+ 11. Bd2 Qxe5 12. O-O Qxd5 13. Bf3 Qb5 14.
a4 Qd7 15. Rc1 e5 16. Ba5 Be7 17. Rc7 Qe6 18. Bd5 Qf6 19. f4 O-O 20. fxe5 Qh4
21. Rxf7 Rxf7 22. Bxf7+ Kxf7 23. exd6 Bg4 24. Qd5+ Be6 25. Qf3+ Kg6 26. dxe7
Qd4+ 27. Qf2 Qxf2+ 28. Kxf2 b6 29. Rxa7 Rb8 30. Bxb6 Kf7 31. a5 Rc8 32. Bd4
Rc2+ 33. Kg3 g5 34. Bf6 Bd5 35. Bxg5 Rxg2+ 36. Kf4 Rxh2 37. Rd7 Bc6 38. Rc7 h6
39. Rxc6 hxg5+ 40. Kxg5 Ra2 41. Ra6 Kxe7 42. Ra8 Kd7 43. Kf6 Kc7 44. Ra6 Kb7
45. Rb6+ Ka7 1/2-1/2